Quizzes
Events
Quiz Creation
Community
Videos
Private Events
Remove Ads
Sign In
Join for FREE
Feedback
Dark Mode
Quiz Categories
Sports
Geography
Music
Movies
Television
Just For Fun
Miscellaneous
History
Literature
Language
Science
Gaming
Entertainment
Religion
Holiday
For Kids
Quiz Lab
Recent
Popular Today
Quiz Kudos Today
Editor Picks
Curator Picks
Quizzes by...
Day
Popularity
Type
Ratings
Length
Year
Community
Subscriptions
Recent Discussions
Orange Saloon
Badges
Playlists
Quests
Create
Leaderboards
Showdown
Live 5
Trivia Bingo
Activity
Puzzle Library
Sporcle Events
Private Events
Virtual Trivia
Globe League
Become a Host
Pub Owners
SporcleCon
Opinionation
Our Games
Videos
Blog
Mobile Apps
Partnerships
Remove Ads and Go Orange
Feedback
Television
TV Characters
TV Show
Sitcom
Network
Friends
Reality Shows
Cast
South Park
Star Trek
The Simpsons
Doctor Who
Television
TV Characters
TV Show
Sitcom
Network
Friends
Reality Shows
Cast
South Park
Star Trek
The Simpsons
Doctor Who
Random Quiz
Search Sporcle
×
Editor Pick
Editor Pick
Television
Shakespeare
Select answers by clicking on text or image buttons
Select answers by clicking on text or image buttons
Clickable
Best Score? Go Orange.
The Animaniacs translate Shakespeare (Clickable) Stats
Can you pick the Animaniacs' translation to the line of Shakespeare?
By
countrygirltori
10m
24 Questions
2,532 Plays
2,532 Plays
2,532 Plays
Comments
Comments
Give Quiz Kudos
Give Quiz Kudos
-
- Ratings
hide this ad
Forced Order
Answers have to be entered in order
Answers have to be entered in order
Replay
Link that replays current quiz
Next Quiz
Link to next quiz in quiz playlist
You Got
0%
They Got
Avg Score
64%
Avg Friend Score
Upgrade to see
Score Distribution
Jump to the score distribution portion of the page
Score
0/24
Timer
10:00
0
Plays Today
% Correct
(singing) Dig'd in the dark is a gas Baby can ya dig it?
81.3%
We kissed a lot -- not!
81.1%
You fell asleep on your butt and dreamed the whole thing
80.9%
He gave me piggy-back rides
80.6%
Applaud if you like us
78%
Goodnight, everybody!
74.6%
Let's cook a snake!' Start with my agent
74%
Gooooo, Hemlock!!
72.7%
No one's laughing now, and, by the way, your lower jaw's missing
71.6%
And the Boy Wonder will save us
70.7%
He was funny
69.4%
Whoa, check out Skullhead!
67.3%
% Correct
How come you're not funny now?
66.3%
If the actors in our show made you mad, it'll be OK if you look at it this way
66%
Loosely translated, that means 'Aabra cadabara.'
65.9%
But we're sorry, and we promise our next show will be full of funny skits
64.8%
I'm going to blow chunks
62.7%
Sounds like camp food to me
59.7%
Honeys, don't blame us; you could be watching Oprah
58.9%
'Stir until bored.' Serves twelve, unless you're Rush Limbaugh; then it's an appetizer.
56.5%
We'll buy you foot-long hot dogs!
45.8%
There is a hole in the plot you could drive a truck through
45%
I'm not touching that one
40.1%
What he said
23.6%
Quiz Playlist
Details
Report
Send in Message
Add To Playlist
Clickable:
Select answers by clicking on text or image buttons
Forced Order:
Answers have to be entered in order
Last Updated: Feb 16, 2017
Editor Pick in
Television
Quiz Scoreboard
CHALLENGE
Sign Up to Join the Scoreboard
Show All
Scores
Hide
Comments
May contain spoilers
Recently Published
NBA Finals Game Top Scorers (2010s)
by flibbidy
Sports
5m
Guess the 'R' Things in 3 Words
by MSUKent
Miscellaneous
3m
Actor to Badly Drawn Movie III
by MoMosMoProblems
Movies
5m
More to Explore
Quiz From the Vault
Featured Blog Post
Where Does Lost Luggage Go?
hide this ad
You Might Also Like...
Tags
Clickable Quiz
Shakespeare Quiz
Translation Quiz
Animaniacs
Today's Top Quizzes in Television
Browse Television
hide this ad
Today's Top Quizzes in Shakespeare
Browse Shakespeare
Top Contributed Quizzes in Television
1
Hidden Simpsons Character
2
First Name TV: Leading Men
3
Hidden Simpsons Character II
4
Hidden Simpsons Character III
5
First Name TV: Leading Women Drama
6
Hidden Simpsons Character IV
7
Hidden Simpsons Character V
8
Hidden Simpsons Character VI
9
Hidden Simpsons Character VII
10
Pick A Pair: Religious TV
Explore More
Trending Topics
Anime
NBA
Harry Potter
Crossword
Marvel
Kpop
Disney
The Office
NFL
Song
WWE
Soccer
Country
Puzzle
Pokémon
hide this ad
More By:
countrygirltori
Quiz
Plays
Rating
Category
Featured
Created
Follow That Line: Hocus Pocus
26,748
4.63
Movies
Oct 19, 2012
Follow That Line: The Hunger Games
16,805
4.63
Movies
Aug 15, 2012
Follow That Line: SNL
4,940
4.77
Television
Feb 27, 2013
Follow That Line: My Cousin Vinny
4,492
4.76
Movies
Jul 24, 2012
The Animaniacs translate Shakespeare (Clickable)
2,532
4.70
Television
Aug 6, 2012
Go to Creator's Profile
Score Distribution
Quiz Creator Spotlight
countrygirltori
Follow
Send a Message
Quizzes Created
-
Created Quiz Play Count
-
More By This Creator
Popular Quizzes Today
1
Find the US States - No Outlines Minefield
2
Find the US States
3
The Countries of the World
4
10 Largest US States in Order
5
Find the Countries of Europe - No Outlines Minefield
6
US States
7
Guess the 'R' Things in 3 Words
8
NBA Finals Game Top Scorers (2010s)
More Television Quizzes
American TV Families
Published
Trending Quizzes
First Name TV: Leading Men
Match the Book to the Film II
First Name TV: Leading Women Drama
Pick A Pair: Religious TV
Match the Book to the Film VI
Recently Updated
Women's Final Four Teams by Year
bhenderson79
Presidents Quartet II
eogle
Anything But Clue(do)
eogle
Anything But Oceanian Capitals
eogle
Anything But 7
eogle
Anything But Thing
eogle
Word Ladder: February 29
pecheneg
Song Title Questions
pecheneg
Women's NCAA Tournament #1 Seeds
pecheneg
Celebrity Mug Shots
pecheneg
Trending Topics
Marvel
Disney
NBA
Crossword
Harry Potter
Kpop
Anime
Soccer
WWE
The Office
Pokémon
NFL
Song
Country
Puzzle
Your Account Isn't Verified!
In order to create a playlist on Sporcle, you need to verify the email address you used during registration. Go to your
Sporcle Settings
to finish the process.
Report this User
Report this user for behavior that violates our
Community Guidelines
.
Details:
Send Report
Go to the Sporcle.com Mobile Site →
Comments